000 00698cab a2200205 4500
001 WB3442-42
008 090401t1998 xxu||||| |||| 00| 0 eng d
035 _a(Sirsi) u89527
041 _aeng
245 _aLicence to occupy land
260 _c1998
350 _a0
490 _aHM Customs and Excise Business Brief
_v3 November 1998, (2)
520 _aHM Customs is inviting comments by 31 January 1999 on its intention to review the definition of the term `licence to occupy` under VAT Act 1994 Schedule 9 Group 1. Considers "Abbotsley Golf and Squash Club" 1997.
650 _aLICENCES TO OCCUPY
650 _aVAT ACT 1994
690 _aTAXATION
942 _n0
948 _c05/11/1998
999 _c56654
_d56654